UBT Library

Microsoft Office Access 2003 : (Record no. 414)

000 -LEADER
fixed length control field 00620nam a22002057a 4500
005 - DATE AND TIME OF LATEST TRANSACTION
control field 20140312075655.0
008 - FIXED-LENGTH DATA ELEMENTS--GENERAL INFORMATION
fixed length control field 060829s2003 nyua 001 0 eng d
016 7# - NATIONAL BIBLIOGRAPHIC AGENCY CONTROL NUMBER
Source Uk
020 ## - INTERNATIONAL STANDARD BOOK NUMBER
International Standard Book Number 0072229179
080 ## - UNIVERSAL DECIMAL CLASSIFICATION NUMBER
Universal Decimal Classification number 004.42
100 1# - Rafti
Rafti Andersen, Virginia.
245 10 - TITLE STATEMENT
Title Microsoft Office Access 2003 :
Statement of responsibility, etc Virginia Andersen.
260 ## -
-- New York :
-- McGraw Hill/Osborne,
-- 2003.
300 ## -
-- 719 f. :
-- me il. ;
-- 23 cm,
-- + 1 CD.
500 ## -
-- Përfshin indeksin f. 679-719
630 00 -
-- Microsoft Access.
650 #0 -
-- Kompjuterat
650 #0 -
-- Kompjuterat-Programimi-Softuerat
942 ## - ADDED ENTRY ELEMENTS (KOHA)
Source of classification or shelving scheme
Item type Books
Holdings
Withdrawn status Lost status Source of classification or shelving scheme Damaged status Not for loan Collection code Permanent location Current location Shelving location Date acquired Total Checkouts Full call number Barcode Date last seen Price effective from Koha item type
          Koleksioni i përgjithshem UBT - Ferizaj UBT - Ferizaj Koleksioni i përgjithshem 03/12/2014   004.42 AND 003000113 03/12/2014 03/12/2014 Books
          Koleksioni i përgjithshem UBT - Ferizaj UBT - Ferizaj Koleksioni i përgjithshem 03/12/2014   004.42 AND 003000114 03/12/2014 03/12/2014 Books
          Koleksioni i përgjithshem UBT - Ferizaj UBT - Ferizaj Koleksioni i përgjithshem 03/12/2014   004.42 AND 003000115 03/12/2014 03/12/2014 Books
UBT Library © 2015-2024. All rights reserved University Education for Business and Technology